The Problem of Asia (Record no. 38182)
[ view plain ]
| 000 -LEADER | |
|---|---|
| fixed length control field | 003270000a22001330004500 |
| 003 - CONTROL NUMBER IDENTIFIER | |
| control field | MACL |
| 040 ## - CATALOGING SOURCE | |
| Original cataloging agency | MACL |
| 090 ## - LOCALLY ASSIGNED LC-TYPE CALL NUMBER (OCLC); LOCAL CALL NUMBER (RLIN) | |
| -- | 38597 |
| -- | 38595 |
| 100 ## - MAIN ENTRY--PERSONAL NAME | |
| Personal name | Mahan, A T |
| 245 ## - TITLE STATEMENT | |
| Title | The Problem of Asia |
| Remainder of title | And Its Effect upon International Policies |
| 260 ## - PUBLICATION, DISTRIBUTION, ETC. (IMPRINT) | |
| Name of publisher, distributor, etc. | Marston & Company Ltd |
| Date of publication, distribution, etc. | 1900 |
| 650 ## - SUBJECT ADDED ENTRY--TOPICAL TERM | |
| Topical term or geographic name as entry element | History |
| 942 ## - ADDED ENTRY ELEMENTS (KOHA) | |
| Koha item type | Library Membar |
| Call number prefix | 950/MAH |
| Withdrawn status | Lost status | Damaged status | Not for loan | Home library | Current library | Date acquired | Total Checkouts | Full call number | Barcode | Date last seen | Uniform Resource Identifier | Price effective from | Koha item type |
|---|---|---|---|---|---|---|---|---|---|---|---|---|---|
| MACL | MACL | 950/MAH BOOK | CLE2026 | 29/04/2015 | 38404 | 15/04/2015 | Books |









